| 000 | 01057nam a22003137a 4500 | ||
|---|---|---|---|
| 003 | CHAP | ||
| 005 | 20220329133952.0 | ||
| 008 | 971013s1994 r 00010 d | ||
| 010 | _a13393 | ||
| 011 | _a14365 | ||
| 035 | _a18438 | ||
| 040 | _cCHAP | ||
| 090 | _aTesis | ||
| 100 | 0 | 0 |
_aUrbina Arredondo, Jorge Antonio. _9116863 |
| 245 | _aDiagnóstico técnico en maquinaria agrícola | ||
| 260 |
_aChapingo, Méx. : _bEl autor, _c1994 |
||
| 300 |
_a112 h. _b: ilus. |
||
| 502 | _aTesis (Ing. Mecánico Agrícola) -- UACH. Departamento de Ingeniería Mecánica Agrícola | ||
| 590 |
_aALEPH _b10 _c20130110 _lUCH01 _h1232 |
||
| 590 |
_aBATCH-UPD _b10 _c20130110 _lUCH01 _h2234 |
||
| 590 |
_aBATCH-UPD _b10 _c20130410 _lUCH01 _h1529 |
||
| 590 |
_aBATCH-UPD _b10 _c20130914 _lUCH01 _h1757 |
||
| 590 |
_aCONVERSION _b10 _c20130109 _lUCH01 _h1309 |
||
| 650 | 1 | 4 |
_aMaquinaria agrícola _xMantenimiento y reparación. _971182 |
| 700 | 0 |
_aRivera Alvarado, Oscar Esteban. _997596 |
|
| 901 | _aBK | ||
| 942 | _cTESIS | ||
| 949 |
_bBC _cTES _d-43010 _eTS1 _h30211 _i18438 _si |
||
| 999 |
_c13393 _d13393 |
||